| 000 | 00669nam a22002057a 4500 | ||
|---|---|---|---|
| 005 | 20251208115328.0 | ||
| 010 | _aDEC24SC ENG-142964 ENG-147297 | ||
| 020 |
_a9789358704334 _c300.00 |
||
| 035 | _aEN-126496 | ||
| 035 | _aEN-130829 | ||
| 037 | _bDBAD | ||
| 082 |
_a510 _22 |
||
| 100 |
_aAditya Ranjan Sir _985896 |
||
| 245 |
_a SSC Maths CGL Warrior/ _cBy Aditya Ranjan Sir |
||
| 250 | _a2 | ||
| 260 |
_aNew Delhi _bS Chand and Company Limited _c2024 |
||
| 270 |
_a A-27, 2nd Floor, Mohan Co-operative Industrial Estate _bNew Delhi _e110044 _minfo@schandpublishing.com _k011-49731800 |
||
| 300 |
_a317p. _c26cm(pb) |
||
| 942 |
_2ddc _cEN _h510 _mRAN _e1 |
||
| 999 |
_c207618 _d207618 |
||